| 000 | 00715nam a22002537a 4500 | ||
|---|---|---|---|
| 003 | UA-OsUOA | ||
| 001 | 116798 | ||
| 007 | ta | ||
| 008 | 20160404b un ||||| |||| 00| 0 ukr d | ||
| 100 | _aРатнер И. Д. | ||
| 700 | _aКостюк Л. И. | ||
| 090 |
_a902(477.72) _bР25 |
||
| 942 | _cBK | ||
| 040 |
_aUA-OsUOA _brus _cUA-OsUOA _dUA-OsUOA |
||
| 245 |
_aДревности Херсонщины _bкраткий справочник |
||
| 300 | _a112 с. | ||
| 955 | _a2 | ||
| 041 | _arus | ||
| 080 | _a902(477.72) | ||
| 020 | _a5-7780-0144-4 | ||
| 260 |
_aСимферополь _bТаврия _c1989 |
||
| 650 | 7 |
_a9 Географія. Біографії. Історія _2UDC |
|
| 999 |
_c402719 _d402719 |
||